Optical Computing (Record no. 184109)

000 -LEADER
fixed length control field 00370nam a2200133Ia 4500
008 - FIXED-LENGTH DATA ELEMENTS--GENERAL INFORMATION
fixed length control field 220217s9999||||xx |||||||||||||| ||und||
020 ## - INTERNATIONAL STANDARD BOOK NUMBER
International Standard Book Number 9788126525478
082 ## - DEWEY DECIMAL CLASSIFICATION NUMBER
Classification number 621.36 KAR
100 ## - MAIN ENTRY--PERSONAL NAME
Personal name Karim, Mohammad A and Awwal, Abdul A
245 #0 - TITLE STATEMENT
Title Optical Computing
260 ## - PUBLICATION, DISTRIBUTION, ETC.
Place of publication, distribution, etc. Wiley india
Name of publisher, distributor, etc. New delhi
Date of publication, distribution, etc. 2012
300 ## - PHYSICAL DESCRIPTION
Extent xiv;360
Other physical details 369
650 ## - SUBJECT ADDED ENTRY--TOPICAL TERM
Topical term or geographic name entry element ELECTRICAL SCIENCE
Holdings
Withdrawn status Lost status Damaged status Not for loan Collection code Home library Current library Shelving location Date acquired Full call number Barcode Date last seen Price effective from Koha item type
        Electronics and Communication Engineering Central Library Central Library Book Cart 02/18/2022 621.36 KAR 19298 10/17/2022 02/18/2022 Books

Powered by Koha